[Event "4NCL/Div2/KH-SWD1"]
[Site "Rd-9 Birmingham"]
[Date "2002.05.04"]
[Round "9.1"]
[White "Jossien, Arnaud"]
[Black "Cooper, John G"]
[Result "1-0"]
[WhiteElo "2336"]
[BlackElo "2333"]
[PlyCount "115"]
[EventDate "2002.05.04"]

1. e4 c5 2. Nf3 Nc6 3. Bb5 d6 4. O-O Bd7 5. Re1 Nf6 6. c3 a6 7. Bf1 Bg4 8. d4
cxd4 9. cxd4 e5 10. d5 Nd4 11. Be3 Nxf3+ 12. gxf3 Bh5 13. Nd2 Be7 14. Qb3 Qd7
15. a4 O-O 16. a5 Bd8 17. Ra4 Ne8 18. Rea1 Rc8 19. Rb4 Rc7 20. Kh1 h6 21. Bb6
Bg5 22. Nc4 Rc8 23. Ba7 Qe7 24. Bg2 Bf4 25. Rxb7 Qh4 26. h3 Rxc4 27. Qxc4 Bxf3
28. Kg1 Qg5 29. Qf1 Nf6 30. Kh1 Bxe4 31. Bxe4 Nxe4 32. Qxa6 Nd2 33. Qe2 e4 34.
Be3 Nf3 35. a6 Qe5 36. Qf1 Bxe3 37. Qg2 Bd4 38. a7 Bxa7 39. Rbxa7 Qxd5 40. Qg3
Kh7 41. Qf4 Qh5 42. Kg2 d5 43. Rd7 Nh4+ 44. Kh2 Nf3+ 45. Kg3 Nd4 46. Kg2 Ne6
47. Qg3 d4 48. Raa7 Kg8 49. Kh2 Qf5 50. b4 h5 51. Ra5 Qh7 52. Raa7 Qf5 53. Ra5
Qh7 54. Qe5 Qh6 55. Qxe4 Qd2 56. Qf3 g6 57. Raa7 Ng5 58. Qf6 1-0

[Event "4NCL/Div2/KH-SWD1"]
[Site "Rd-9 Birmingham"]
[Date "2002.05.04"]
[Round "9.2"]
[White "Dineley, Richard DP"]
[Black "Thomas, Richard H"]
[Result "1/2-1/2"]
[WhiteElo "2284"]
[BlackElo "2230"]
[PlyCount "81"]
[EventDate "2002.05.04"]

1. e4 g6 2. d4 Bg7 3. Nc3 a6 4. g3 b5 5. Bg2 Bb7 6. Nge2 e6 7. a3 Ne7 8. O-O
O-O 9. Bg5 f6 10. Be3 f5 11. Qd2 Qc8 12. Bh6 d6 13. Rad1 Nbc6 14. Bxg7 Kxg7 15.
Rfe1 e5 16. f4 Nxd4 17. Nxd4 exd4 18. Qxd4+ Kg8 19. Nd5 Nxd5 20. exd5 Re8 21.
Qc3 Qd7 22. Re6 Qg7 23. Qxg7+ Kxg7 24. Rde1 Rxe6 25. Rxe6 Kf7 26. Kf2 Rd8 27.
Re3 Re8 28. Rxe8 Kxe8 29. b4 Kd8 30. Ke3 Kc8 31. Kd4 Kb8 32. h3 Bc8 33. Bf3 Bd7
34. c3 Kb7 35. g4 Kc8 36. Be2 Kd8 37. g5 Kc8 38. c4 bxc4 39. Bxc4 Kb7 40. Bb3
Kb6 41. a4 1/2-1/2

[Event "4NCL/Div2/KH-SWD1"]
[Site "Rd-9 Birmingham"]
[Date "2002.05.04"]
[Round "9.4"]
[White "Jones, Richard S"]
[Black "Kwiatkowski, Feliks J"]
[Result "0-1"]
[WhiteElo "2174"]
[BlackElo "2224"]
[PlyCount "80"]
[EventDate "2002.05.04"]

1. e4 c5 2. Nc3 Nc6 3. g3 g6 4. Bg2 Bg7 5. d3 d6 6. Be3 Rb8 7. Qd2 b5 8. Nge2
b4 9. Nd1 Qb6 10. O-O Nd4 11. Nc1 Bg4 12. f3 Bd7 13. f4 Ba4 14. Nb3 Nf6 15. h3
O-O 16. g4 Bc6 17. f5 a5 18. Qf2 Nd7 19. Rc1 Nxb3 20. axb3 Qb7 21. Qh4 d5 22.
Nf2 Rbe8 23. Bh6 f6 24. g5 Rf7 25. Rce1 Bxh6 26. Qxh6 Rg7 27. exd5 Bxd5 28. Ne4
Qb8 29. Nxc5 Qg3 30. Ne4 Bxe4 31. Rxe4 gxf5 32. Rxf5 Ne5 33. Qh5 Rc8 34. Qe2
Rxg5 35. Rxg5+ Qxg5 36. d4 Ng6 37. Re3 Rxc2 38. Qxc2 Qxe3+ 39. Kh1 Qxd4 40. Qf5
Kg7 0-1

[Event "4NCL/Div2/KH-SWD1"]
[Site "Rd-9 Birmingham"]
[Date "2002.05.04"]
[Round "9.4"]
[White "McMichael, Richard"]
[Black "Johnston, Dafydd"]
[Result "1/2-1/2"]
[WhiteElo "2265"]
[BlackElo "2230"]
[PlyCount "54"]
[EventDate "2002.05.04"]

1. c4 g6 2. g3 Bg7 3. Bg2 d6 4. Nc3 Nf6 5. e4 c5 6. Nge2 Nc6 7. O-O O-O 8. h3
Ne8 9. d3 Nc7 10. f4 f5 11. Be3 Nd4 12. Qd2 Rb8 13. Rae1 b5 14. b3 fxe4 15.
Nxe4 Nce6 16. N2c3 b4 17. Nd5 Nc7 18. Ng5 Nxd5 19. cxd5 Nf5 20. Bf2 Bc3 21. Qe2
Bxe1 22. Rxe1 Rb7 23. Ne6 Bxe6 24. Qxe6+ Kg7 25. Qe4 Qb6 26. Rc1 Rc7 27. Rc4
Kg8 1/2-1/2

[Event "4NCL/Div2/KH-SWD1"]
[Site "Rd-9 Birmingham"]
[Date "2002.05.04"]
[Round "9.6"]
[White "James, David J"]
[Black "Mackenzie, Colin"]
[Result "1-0"]
[WhiteElo "2247"]
[BlackElo "2164"]
[PlyCount "73"]
[EventDate "2002.05.04"]

1. d4 e6 2. c4 Nf6 3. Nc3 Bb4 4. Qc2 Nc6 5. Nf3 O-O 6. e3 d6 7. Be2 Qe7 8. O-O
Bxc3 9. Qxc3 a5 10. b3 e5 11. d5 Nb8 12. a3 Ne4 13. Qc2 f5 14. Bb2 Na6 15. Bc3
Nac5 16. b4 Nxc3 17. Qxc3 Ne4 18. Qc2 b6 19. Rac1 Bd7 20. Nd2 Nxd2 21. Qxd2
axb4 22. axb4 f4 23. Ra1 Rac8 24. Rfc1 Rf6 25. exf4 Rxf4 26. g3 Rd4 27. Qe3 Bf5
28. f3 Qf6 29. Ra7 h6 30. Rca1 Qd8 31. Rb7 Ra8 32. Raa7 Rxa7 33. Rxa7 Qe7 34.
Kf2 b5 35. cxb5 Rxb4 36. b6 Qd8 37. b7 1-0

[Event "4NCL/Div2/KH-SWD1"]
[Site "Rd-9 Birmingham"]
[Date "2002.05.04"]
[Round "9.7"]
[White "McVicar, John"]
[Black "Richmond, Peter A"]
[Result "1/2-1/2"]
[WhiteElo "2085"]
[BlackElo "2240"]
[PlyCount "38"]
[EventDate "2002.05.04"]

1. e4 c5 2. Nf3 Nc6 3. Bb5 e6 4. Bxc6 dxc6 5. d3 Qc7 6. e5 Ne7 7. O-O b6 8. Nc3
Nf5 9. Ne4 Ba6 10. b3 O-O-O 11. Qe1 Nd4 12. Nxd4 cxd4 13. f4 Bb7 14. b4 c5 15.
bxc5 Bxc5 16. a4 Rd7 17. Rf2 Bxe4 18. Qxe4 Qb7 19. Qxb7+ Kxb7 1/2-1/2

[Event "4NCL/Div2/KH-SWD1"]
[Site "Rd-9 Birmingham"]
[Date "2002.05.04"]
[Round "9.8"]
[White "Cast, Abigail"]
[Black "Kelly, Alexandra M"]
[Result "1-0"]
[WhiteElo "2107"]
[BlackElo "1736"]
[PlyCount "127"]
[EventDate "2002.05.04"]

1. d4 Nf6 2. Nf3 g6 3. Bg5 Bg7 4. Nbd2 O-O 5. e3 c6 6. Bd3 d5 7. c4 Re8 8. O-O
Nbd7 9. cxd5 cxd5 10. Qb3 Nb6 11. Rac1 Be6 12. Bf4 Rc8 13. a4 Ne4 14. a5 Nxd2
15. Nxd2 Na8 16. Qxb7 Qxa5 17. Nb3 Qb6 18. Ba6 Qxb7 19. Bxb7 Rxc1 20. Rxc1 Nb6
21. Nc5 Nc4 22. b3 Na5 23. Ba6 Bf5 24. Ra1 Nc6 25. Bb7 Nb4 26. Ra4 Nd3 27. Nxd3
Bxd3 28. Rxa7 e6 29. Bd6 Bf6 30. b4 Rd8 31. Bc5 Rd7 32. Bc6 Rd8 33. b5 Rb8 34.
b6 Bd8 35. b7 Bc7 36. Ra8 f5 37. Ba7 Rf8 38. Rxf8+ Kxf8 39. b8=Q+ Bxb8 40. Bxb8
Ke7 41. Be5 h5 42. f4 Be4 43. Kf2 Kd8 44. Kg3 Ke7 45. Kh3 Bd3 46. Kh4 Bf1 47.
Kg5 Kf7 48. g3 Bg2 49. Bb5 Bf3 50. Bf1 Bg4 51. Kh4 Bf3 52. g4 Bxg4 53. Kg3 Bd1
54. Bb5 Ke7 55. Bc7 Bc2 56. Kf2 Be4 57. h4 Bc2 58. Ke1 Bb3 59. Kd2 Ba2 60. Kc3
Bb1 61. Kb4 Ba2 62. Kc5 Bb3 63. Bd6+ Kd8 64. Bf8 1-0

[Event "4NCL/Div2/SLO2-PY"]
[Site "Rd-9 Birmingham"]
[Date "2002.05.04"]
[Round "9.1"]
[White "Mehmeti, Dritan"]
[Black "Hanley, Craig A"]
[Result "1-0"]
[WhiteElo "2255"]
[BlackElo "2313"]
[PlyCount "65"]
[EventDate "2002.05.04"]

1. d4 d5 2. Bg5 c6 3. e3 Nd7 4. Nf3 Ngf6 5. Bd3 e6 6. O-O Bd6 7. Nbd2 h6 8. Bh4
e5 9. e4 O-O 10. Re1 Re8 11. c4 exd4 12. exd5 Rxe1+ 13. Qxe1 g5 14. Bg3 Nc5 15.
Qe2 cxd5 16. cxd5 Bg4 17. Re1 Rc8 18. Ne4 Bxg3 19. Nxf6+ Qxf6 20. hxg3 Rd8 21.
Bc4 a6 22. b4 Nd7 23. Qe4 Bxf3 24. gxf3 Qb6 25. d6 Qxd6 26. Bxf7+ Kf8 27. Bb3
Kg7 28. Qxb7 Rb8 29. Qe4 Nf8 30. Rc1 Rb6 31. Rc4 Ne6 32. Bc2 Qf8 33. Qg6+ 1-0

[Event "4NCL/Div2/SLO2-PY"]
[Site "Rd-9 Birmingham"]
[Date "2002.05.04"]
[Round "9.2"]
[White "Bigg, Andrew"]
[Black "Pustina, Ylvi"]
[Result "1/2-1/2"]
[WhiteElo "2251"]
[BlackElo "2277"]
[PlyCount "28"]
[EventDate "2002.05.04"]

1. d4 Nf6 2. Bg5 d5 3. Bxf6 exf6 4. e3 c6 5. c4 dxc4 6. Bxc4 Be6 7. Bxe6 fxe6
8. Qb3 Qd7 9. Nc3 Na6 10. Nge2 Bd6 11. O-O O-O 12. Rad1 Kh8 13. e4 Rae8 14.
Rfe1 Qc7 1/2-1/2

[Event "4NCL/Div2/SLO2-PY"]
[Site "Rd-9 Birmingham"]
[Date "2002.05.04"]
[Round "9.3"]
[White "Tarifa, Alket"]
[Black "Taylor, Martin R"]
[Result "0-1"]
[WhiteElo "2249"]
[BlackElo "2173"]
[PlyCount "124"]
[EventDate "2002.05.04"]

1. e4 e5 2. Nf3 Nc6 3. Bc4 Bc5 4. c3 Nf6 5. d3 d6 6. Bg5 h6 7. Bh4 a6 8. b4 Ba7
9. Qb3 Qe7 10. Nbd2 g5 11. Bg3 Nh5 12. a4 Qf6 13. Rf1 Be6 14. Bd5 O-O 15. Bxe6
Qxe6 16. Qxe6 fxe6 17. Nb3 Bb6 18. Ke2 Nf4+ 19. Bxf4 Rxf4 20. Nfd2 Raf8 21. f3
g4 22. Nc4 Ba7 23. b5 Ne7 24. Nba5 gxf3+ 25. Rxf3 Rxf3 26. gxf3 Rf4 27. Nxb7
Rh4 28. Rh1 axb5 29. axb5 Ng6 30. b6 Nf4+ 31. Kd2 Bxb6 32. Nxb6 cxb6 33. Nxd6
Rh3 34. Nc4 Rxf3 35. Nxe5 Rh3 36. Rg1+ Kh7 37. Rh1 Kg7 38. c4 Kf6 39. Ng4+ Ke7
40. Rf1 Nxd3 41. Rb1 h5 42. Ne3 Nc5 43. Nf1 Nxe4+ 44. Ke1 Nd6 45. Rxb6 Nxc4 46.
Rb7+ Kf6 47. Kf2 Ne5 48. Kg2 Ra3 49. Rh7 Ng6 50. Ng3 h4 51. Ne4+ Ke5 52. Ng5
Ra2+ 53. Kg1 Kf5 54. Nf3 Kg4 55. Ne1 e5 56. Rg7 Kf5 57. Rf7+ Ke4 58. Nf3 Ke3
59. h3 e4 60. Ne1 Nf4 61. Rb7 Ra1 62. Kf1 Nd3 0-1

[Event "4NCL/Div2/SLO2-PY"]
[Site "Rd-9 Birmingham"]
[Date "2002.05.04"]
[Round "9.5"]
[White "Armstrong, Malcolm J"]
[Black "Yastrebov, Alexander"]
[Result "0-1"]
[WhiteElo "2132"]
[BlackElo "2181"]
[PlyCount "74"]
[EventDate "2002.05.04"]

1. d4 d5 2. Nf3 Nf6 3. e3 Bg4 4. c4 e6 5. Qb3 Bxf3 6. Qxb7 Nbd7 7. gxf3 dxc4 8.
Bxc4 c5 9. Nc3 Be7 10. d5 Rb8 11. Qxa7 exd5 12. Nxd5 Nxd5 13. Bxd5 O-O 14. f4
Ne5 15. Be4 Nd3+ 16. Ke2 c4 17. Rd1 Bc5 18. Qa4 Qh4 19. Bxd3 Qg4+ 20. Kf1 cxd3
21. Rxd3 Rfd8 22. Qc2 Qf3 23. b4 Be7 24. Bb2 Rxd3 25. Qxd3 Rd8 26. Qc2 Bxb4 27.
Bd4 Rxd4 28. Rb1 Qh1+ 29. Ke2 Rd2+ 30. Qxd2 Qxb1 31. Qd8+ Bf8 32. Qd5 g6 33. e4
Qc2+ 34. Kf3 Bc5 35. Kg4 h5+ 36. Kg5 Be7+ 37. Kh6 Qxf2 0-1

[Event "4NCL/Div2/SLO2-PY"]
[Site "Rd-9 Birmingham"]
[Date "2002.05.04"]
[Round "9.6"]
[White "Dorrington, Christopher"]
[Black "de Coverly, Roger"]
[Result "1/2-1/2"]
[WhiteElo "2222"]
[BlackElo "2109"]
[PlyCount "69"]
[EventDate "2002.05.04"]

1. e4 e5 2. Nc3 Nc6 3. f4 exf4 4. Nf3 g5 5. h4 g4 6. Ng5 d6 7. d4 Bg7 8. Bc4
Nh6 9. Bxf4 Nxd4 10. O-O O-O 11. Qd2 c5 12. Ne2 Nxe2+ 13. Qxe2 Bd4+ 14. Be3 Kg7
15. Bxd4+ cxd4 16. Qd3 f6 17. Ne6+ Bxe6 18. Bxe6 Qe7 19. Bb3 Qe5 20. Rad1 Rae8
21. Qxd4 Qxe4 22. Qxe4 Rxe4 23. Rxd6 Re7 24. g3 f5 25. Re6 Rfe8 26. Rfe1 Rxe6
27. Rxe6 Rxe6 28. Bxe6 Kf6 29. Bc8 b6 30. Kf2 Ke5 31. Ke3 Nf7 32. Ba6 Nd6 33.
Bd3 Ne8 34. c4 a5 35. a3 1/2-1/2

[Event "4NCL/Div2/SLO2-PY"]
[Site "Rd-9 Birmingham"]
[Date "2002.05.04"]
[Round "9.7"]
[White "Jeffries, Majid"]
[Black "Gilbert, Jessie"]
[Result "1/2-1/2"]
[WhiteElo "2020"]
[BlackElo "2102"]
[PlyCount "45"]
[EventDate "2002.05.04"]

1. d4 Nf6 2. c4 g6 3. Nc3 Bg7 4. e4 d6 5. f3 Nc6 6. Be3 e5 7. Nge2 a6 8. Qd2 h6
9. Rd1 Rb8 10. dxe5 Nxe5 11. Nd4 O-O 12. Nd5 Re8 13. Nxf6+ Qxf6 14. Be2 Bd7 15.
O-O Kh7 16. Bd3 Nc6 17. Nxc6 Bxc6 18. Rf2 Qe6 19. Re2 Re7 20. Bf2 Bf6 21. Be3
Bg7 22. Bf2 Bf6 23. Be3 1/2-1/2

[Event "4NCL/Div2/SLO2-PY"]
[Site "Rd-9 Birmingham"]
[Date "2002.05.04"]
[Round "9.8"]
[White "Lazhevskaya, Zhanna"]
[Black "Ball, Yasmin"]
[Result "1-0"]
[WhiteElo "2103"]
[BlackElo "1384"]
[PlyCount "77"]
[EventDate "2002.05.04"]

1. e4 e5 2. Nf3 Nf6 3. Nxe5 d6 4. Nf3 Nxe4 5. Nc3 Nxc3 6. dxc3 Bg4 7. h3 Bh5 8.
Qd5 Bxf3 9. Qxf3 Nc6 10. Bb5 Qd7 11. O-O O-O-O 12. Bxc6 bxc6 13. b4 d5 14. Be3
a6 15. Qf4 Kb7 16. a4 Ra8 17. Qd4 f6 18. Rfb1 Kc8 19. Rd1 Bd6 20. b5 Be5 21.
Qd3 a5 22. Rab1 Rd8 23. Rb3 h6 24. Rdb1 Qd6 25. f4 Bxc3 26. Rxc3 cxb5 27. Qxb5
Qa6 28. Rxc7+ Kxc7 29. Bb6+ Kd6 30. Qc5+ Ke6 31. Bxd8 Qa7 32. Re1+ Kf5 33. Bb6
Qd7 34. Re7 Qc8 35. Qxd5+ Kg6 36. Qf7+ Kf5 37. Qh5+ Kxf4 38. Be3+ Kg3 39. Rxg7+
1-0

[Event "4NCL/Div2/WS-BG3"]
[Site "Rd-9 Birmingham"]
[Date "2002.05.04"]
[Round "9.1"]
[White "Headlong, Timothy"]
[Black "Lyell, Mark"]
[Result "0-1"]
[WhiteElo "2232"]
[BlackElo "2235"]
[PlyCount "84"]
[EventDate "2002.05.04"]

1. Nf3 f5 2. d4 Nf6 3. g3 g6 4. Bg2 Bg7 5. O-O O-O 6. c4 d6 7. b3 Qe8 8. Bb2
Ng4 9. h3 Nh6 10. Nc3 Nf7 11. d5 c5 12. Qc2 Na6 13. Rae1 Bd7 14. Nd1 Nb4 15.
Qb1 Bxb2 16. Qxb2 b5 17. a3 Na6 18. Nc3 bxc4 19. bxc4 Rb8 20. Qc2 Qd8 21. e4 e5
22. dxe6 Bxe6 23. Qa4 Nc7 24. Rd1 Qf6 25. Nd5 Bxd5 26. exd5 Qb2 27. Qxa7 Rb7
28. Rd2 Rxa7 29. Rxb2 Rxa3 30. Rc1 Na6 31. Rb6 Re8 32. g4 fxg4 33. hxg4 Nb4 34.
Nd2 Nd3 35. Rd1 Nde5 36. f3 Rd3 37. Rbb1 Ng5 38. Kf2 Rd4 39. Bf1 Rf8 40. Be2
Nxg4+ 41. Kg3 Ne3 42. Nb3 Nxd1 0-1

[Event "4NCL/Div2/WS-BG3"]
[Site "Rd-9 Birmingham"]
[Date "2002.05.04"]
[Round "9.2"]
[White "Cafferty, Bernard"]
[Black "Haydon, Richard"]
[Result "1/2-1/2"]
[WhiteElo "2175"]
[BlackElo "2208"]
[PlyCount "82"]
[EventDate "2002.05.04"]

1. c4 g6 2. d4 Bg7 3. Nc3 d6 4. Nf3 Nf6 5. e4 O-O 6. Be2 Nbd7 7. O-O e5 8. Re1
c6 9. Bf1 h6 10. Rb1 Nh7 11. b4 Ng5 12. Nxg5 exd4 13. Ne2 hxg5 14. Nxd4 g4 15.
Be3 Ne5 16. Qd2 a5 17. a3 axb4 18. axb4 Qh4 19. Bg5 Qh8 20. Be7 Re8 21. Bxd6
Rd8 22. c5 g3 23. hxg3 Ng4 24. Nf3 Be6 25. Re2 Ra3 26. Nh4 Rda8 27. e5 Nxe5 28.
Bxe5 Bxe5 29. Nf3 Bc3 30. Qd6 Qf6 31. Qf4 Qxf4 32. gxf4 Ra1 33. Rxa1 Rxa1 34.
Rc2 Bxb4 35. Rb2 Bxc5 36. Rxb7 Ra2 37. Bd3 Bxf2+ 38. Kh2 Be3 39. Kg3 Bd5 40. f5
gxf5 41. Bxf5 Kg7 1/2-1/2

[Event "4NCL/Div2/WS-BG3"]
[Site "Rd-9 Birmingham"]
[Date "2002.05.04"]
[Round "9.3"]
[White "Lappage, Jonathan"]
[Black "Lock, Gavin R"]
[Result "1-0"]
[WhiteElo "2189"]
[BlackElo "2168"]
[PlyCount "75"]
[EventDate "2002.05.04"]

1. e4 e6 2. Nc3 d5 3. d4 Nf6 4. e5 Nfd7 5. f4 c5 6. Nf3 Nc6 7. Be3 cxd4 8. Nxd4
Bc5 9. Qd2 O-O 10. O-O-O a6 11. h4 Nxd4 12. Bxd4 b5 13. Rh3 b4 14. Na4 Bxd4 15.
Qxd4 a5 16. Bb5 Rb8 17. Bd3 Qc7 18. Rg3 Bb7 19. h5 Bc6 20. Nc5 Qb6 21. Nb3 Qc7
22. Qe3 Bb5 23. Bxb5 Rxb5 24. Qe2 Rc8 25. Rd2 Rb6 26. Qg4 g6 27. hxg6 fxg6 28.
Rh3 Qc4 29. Kb1 a4 30. Nc1 Nc5 31. g3 Ne4 32. Rdh2 a3 33. Qxg6+ Kf8 34. Rxh7
Nc3+ 35. Ka1 axb2+ 36. Kxb2 Na4+ 37. Kb1 Nc3+ 38. Ka1 1-0

[Event "4NCL/Div2/WS-BG3"]
[Site "Rd-9 Birmingham"]
[Date "2002.05.04"]
[Round "9.4"]
[White "Donovan, Nigel"]
[Black "Dickinson, Tim R"]
[Result "1-0"]
[WhiteElo "2162"]
[BlackElo "2179"]
[PlyCount "63"]
[EventDate "2002.05.04"]

1. e4 c6 2. d4 d5 3. e5 Bf5 4. Nf3 e6 5. Be2 Nd7 6. O-O Ne7 7. Nh4 Be4 8. Nd2
Ng6 9. Nxe4 Qxh4 10. g3 Qd8 11. Ng5 Be7 12. h4 h6 13. Nxe6 fxe6 14. Bh5 Ndf8
15. Qg4 Kd7 16. Bxg6 Nxg6 17. Qxg6 Qf8 18. Bf4 c5 19. c4 dxc4 20. Rfd1 Qf5 21.
Qxf5 exf5 22. d5 g5 23. e6+ Ke8 24. Be5 Rf8 25. d6 Bf6 26. Re1 f4 27. Rad1 Bxe5
28. Rxe5 Rg8 29. hxg5 hxg5 30. Rxc5 Rd8 31. e7 Rb8 32. Rc7 1-0

[Event "4NCL/Div2/WS-BG3"]
[Site "Rd-9 Birmingham"]
[Date "2002.05.04"]
[Round "9.5"]
[White "Smallbone, Kieran"]
[Black "Gunter, David WW"]
[Result "1-0"]
[WhiteElo "2110"]
[BlackElo "2140"]
[PlyCount "63"]
[EventDate "2002.05.04"]

1. e4 e6 2. d4 d5 3. Nc3 Nf6 4. Bg5 dxe4 5. Nxe4 Be7 6. Bxf6 gxf6 7. Qd3 b6 8.
O-O-O Bb7 9. Nc3 c6 10. f4 Qc7 11. f5 Qf4+ 12. Kb1 Ba6 13. Qf3 Qxf3 14. Nxf3
O-O 15. Re1 Bc8 16. Bc4 b5 17. Bb3 e5 18. g4 a5 19. a4 b4 20. Nd1 Nd7 21. dxe5
Nc5 22. exf6 Bxf6 23. Ne3 Ba6 24. Nc4 Bxc4 25. Bxc4 Nxa4 26. g5 Nxb2 27. gxf6
Nxc4 28. Rhg1+ Kh8 29. Rg7 Rae8 30. Reg1 Rg8 31. R1g4 Ne3 32. Rxh7+ 1-0

[Event "4NCL/Div2/WS-BG3"]
[Site "Rd-9 Birmingham"]
[Date "2002.05.04"]
[Round "9.6"]
[White "Wheeler, Darren P"]
[Black "Bourne, Johnathan D"]
[Result "1/2-1/2"]
[WhiteElo "2120"]
[BlackElo "2008"]
[PlyCount "30"]
[EventDate "2002.05.04"]

1. e4 c5 2. f4 d5 3. exd5 Qxd5 4. Nc3 Qd8 5. Nf3 Nc6 6. Bb5 Bd7 7. O-O e6 8.
Bxc6 Bxc6 9. Ne5 Rc8 10. Qe2 Be7 11. a4 Nf6 12. Nb5 c4 13. Kh1 Bc5 14. Nxc6
Rxc6 15. Na3 Bxa3 1/2-1/2

[Event "4NCL/Div2/WS-BG3"]
[Site "Rd-9 Birmingham"]
[Date "2002.05.04"]
[Round "9.7"]
[White "Jones, Nicholas C"]
[Black "Howell, Susan C"]
[Result "1/2-1/2"]
[WhiteElo "1864"]
[BlackElo "1736"]
[PlyCount "68"]
[EventDate "2002.05.04"]

1. e4 e6 2. Nc3 d5 3. Nf3 dxe4 4. Nxe4 Bd7 5. d4 Bc6 6. Bd3 Nd7 7. Qe2 Ngf6 8.
O-O Nxe4 9. Bxe4 Bxe4 10. Qxe4 c6 11. Re1 Nf6 12. Qe2 h6 13. c3 Bd6 14. Ne5 O-O
15. Qf3 Rc8 16. Qh3 Nh7 17. Ng4 c5 18. Nxh6+ Kh8 19. Ng4 cxd4 20. cxd4 Be7 21.
Bd2 Bf6 22. Bc3 Kg8 23. Rad1 Qd5 24. a3 Rfd8 25. Qg3 Rd7 26. Nxf6+ Nxf6 27. Re5
Qb3 28. Rde1 Nd5 29. h3 Nxc3 30. bxc3 Qxc3 31. Qxc3 Rxc3 32. Ra5 a6 33. Ra4 Rc6
34. Re4 Rc1+ 1/2-1/2

[Event "4NCL/Div2/WS-BG3"]
[Site "Rd-9 Birmingham"]
[Date "2002.05.04"]
[Round "9.8"]
[White "McIntosh, Doreen"]
[Black "Smith, Lucy K"]
[Result "0-1"]
[WhiteElo "1304"]
[BlackElo "1472"]
[PlyCount "103"]
[EventDate "2002.05.04"]

1. d4 d5 2. c4 e6 3. Nc3 Nf6 4. Bg5 Be7 5. e3 h6 6. Bh4 c6 7. Bd3 Nbd7 8. Nge2
Qc7 9. c5 e5 10. O-O e4 11. Bc2 Qd8 12. Bg3 Nh5 13. f3 Nxg3 14. Nxg3 exf3 15.
Qxf3 Nf6 16. Bf5 Qc7 17. Nce2 g6 18. Bxc8 Qxc8 19. e4 Qg4 20. Qxg4 Nxg4 21.
exd5 Ne3 22. Rf3 Nxd5 23. Ne4 O-O 24. N2c3 Nxc3 25. bxc3 f5 26. Nd2 Rfd8 27.
Nc4 Rab8 28. Re3 Bg5 29. Re6 Re8 30. Rae1 Rxe6 31. Rxe6 Kf7 32. Rd6 Bf4 33.
Ne5+ Bxe5 34. dxe5 Re8 35. Rd7+ Re7 36. Rxe7+ Kxe7 37. Kf2 Ke6 38. c4 Kxe5 39.
Ke3 g5 40. g3 f4+ 41. gxf4+ gxf4+ 42. Kf3 Kd4 43. Kxf4 Kxc4 44. Kf5 Kxc5 45.
Kg6 Kd5 46. h4 c5 47. Kxh6 c4 48. h5 c3 49. Kg6 c2 50. h6 c1=Q 51. h7 Qc3 52.
Kf7 0-1

[Event "4NCL/Div2/RIC-BAR3"]
[Site "Rd-9 Birmingham"]
[Date "2002.05.04"]
[Round "9.1"]
[White "Quinn, Mark"]
[Black "Twyble, Michael S"]
[Result "1-0"]
[WhiteElo "2423"]
[BlackElo "2220"]
[PlyCount "63"]
[EventDate "2002.05.04"]

1. c4 c5 2. Nc3 g6 3. g3 Bg7 4. Bg2 Nc6 5. Rb1 Nf6 6. a3 a5 7. e3 O-O 8. Nge2
d6 9. d3 Bd7 10. O-O Qc8 11. Nf4 Re8 12. Bd2 Ra6 13. b3 Bg4 14. Qc2 Ne5 15. f3
Bd7 16. b4 axb4 17. axb4 cxb4 18. Rxb4 g5 19. Nfd5 Nxd5 20. Nxd5 b5 21. f4 gxf4
22. exf4 Nc6 23. Rbb1 bxc4 24. Qxc4 e6 25. Nb6 d5 26. Nxc8 dxc4 27. Nd6 Rd8 28.
Nxc4 Be8 29. d4 Ne7 30. Ba5 Rd7 31. Rb8 Kf8 32. Bb4 1-0

[Event "4NCL/Div2/RIC-BAR3"]
[Site "Rd-9 Birmingham"]
[Date "2002.05.04"]
[Round "9.2"]
[White "Taylor, Peter P"]
[Black "Wall, Gavin"]
[Result "1/2-1/2"]
[WhiteElo "2229"]
[BlackElo "2378"]
[PlyCount "110"]
[EventDate "2002.05.04"]

1. c4 g6 2. g3 Bg7 3. Bg2 c5 4. Nc3 Nc6 5. Nf3 Nh6 6. h4 d6 7. h5 Bg4 8. hxg6
hxg6 9. d3 Qd7 10. Bd2 O-O-O 11. Qa4 Kb8 12. O-O-O Nd4 13. Qxd7 Rxd7 14. Ng1
Rdd8 15. f3 Bd7 16. e3 Nc6 17. g4 Ne5 18. Kc2 Bc6 19. e4 f5 20. gxf5 gxf5 21.
Nge2 fxe4 22. fxe4 Nhg4 23. Rdf1 Rxh1 24. Rxh1 Rg8 25. Nf4 Bh6 26. Nce2 b5 27.
b3 bxc4 28. dxc4 Bxf4 29. Nxf4 Nf6 30. Re1 Rxg2 31. Nxg2 Bxe4+ 32. Rxe4 Nxe4
33. Ba5 Nc6 34. Be1 Nb4+ 35. Kb1 Kc7 36. Ne3 e6 37. a3 Nd3 38. Ba5+ Kc6 39. Kc2
Ne5 40. b4 a6 41. Kb3 Ng3 42. bxc5 Kxc5 43. Bb4+ Kc6 44. Nc2 Ne2 45. Bd2 Nd3
46. Nb4+ Nxb4 47. axb4 Nd4+ 48. Ka4 e5 49. Be3 Nf5 50. b5+ axb5+ 51. cxb5+ Kb7
52. Bg1 d5 53. Kb4 d4 54. Kc4 Kb6 55. Bf2 Nd6+ 1/2-1/2

[Event "4NCL/Div2/RIC-BAR3"]
[Site "Rd-9 Birmingham"]
[Date "2002.05.04"]
[Round "9.3"]
[White "Bates, Richard A"]
[Black "Mack, Andrew"]
[Result "1-0"]
[WhiteElo "2358"]
[BlackElo "2275"]
[PlyCount "63"]
[EventDate "2002.05.04"]

1. d4 Nf6 2. Nf3 g6 3. c4 Bg7 4. g3 O-O 5. Bg2 d6 6. O-O c6 7. Nc3 Bf5 8. Be3
Ne4 9. Nxe4 Bxe4 10. Qd2 Nd7 11. Bh3 Bxf3 12. exf3 d5 13. cxd5 cxd5 14. Rfc1 e6
15. a4 a5 16. b4 Nb6 17. Bf1 Nc8 18. Rc5 axb4 19. Qxb4 Nd6 20. Rac1 Bf6 21. Rc7
e5 22. dxe5 Bxe5 23. f4 Bg7 24. Bb6 Qf6 25. Rd7 Nc4 26. Bxc4 dxc4 27. Rxc4 Rfc8
28. Rxc8+ Rxc8 29. Be3 Re8 30. Rxb7 Qa1+ 31. Kg2 Qa2 32. Qb3 1-0

[Event "4NCL/Div2/RIC-BAR3"]
[Site "Rd-9 Birmingham"]
[Date "2002.05.04"]
[Round "9.5"]
[White "Webb, Laurence E"]
[Black "Moore, John C"]
[Result "1-0"]
[WhiteElo "2239"]
[BlackElo "2112"]
[PlyCount "87"]
[EventDate "2002.05.04"]

1. e4 e5 2. Nf3 Nc6 3. d4 exd4 4. Bc4 Nf6 5. e5 d5 6. Bb5 Ne4 7. Nxd4 Bd7 8.
Bxc6 bxc6 9. O-O Bc5 10. f3 Ng5 11. Be3 O-O 12. f4 Ne4 13. Nd2 Nxd2 14. Qxd2
Qe7 15. Nb3 Bb6 16. Qc3 Rfe8 17. Bc5 Rab8 18. Rf2 Bxc5 19. Qxc5 Qxc5 20. Nxc5
Bf5 21. c3 Rb5 22. b4 Re7 23. a4 Rb8 24. Rd2 Rbe8 25. Nb3 a6 26. Re1 Bd7 27. a5
g5 28. g3 Kh8 29. Nc5 Bc8 30. fxg5 Rxe5 31. Rxe5 Rxe5 32. Kf2 Kg7 33. Re2 Rxe2+
34. Kxe2 Kg6 35. h4 Kf5 36. Kf3 Ke5 37. Nd3+ Kf5 38. g4+ Ke6 39. Nc5+ Ke5 40.
Ke3 Kd6 41. Kd4 Bxg4 42. Nxa6 Kd7 43. Nc5+ Kc8 44. Ke5 1-0

[Event "4NCL/Div2/RIC-BAR3"]
[Site "Rd-9 Birmingham"]
[Date "2002.05.04"]
[Round "9.6"]
[White "Williamson, Paul L"]
[Black "Franklin, Michael J"]
[Result "0-1"]
[WhiteElo "2149"]
[BlackElo "2233"]
[PlyCount "76"]
[EventDate "2002.05.04"]

1. d4 Nf6 2. c4 e6 3. Nc3 Bb4 4. Qc2 Nc6 5. Nf3 d6 6. a3 Bxc3+ 7. Qxc3 Qe7 8.
Bg5 e5 9. d5 Nb8 10. e3 Nbd7 11. Be2 a5 12. b4 Ne4 13. Bxe7 Nxc3 14. Bh4 axb4
15. Kd2 Nxe2 16. axb4 Rxa1 17. Rxa1 Nb6 18. Kxe2 Nxc4 19. Rc1 b5 20. Ra1 h6 21.
Nd2 Nb6 22. e4 f5 23. f3 fxe4 24. fxe4 Na4 25. Rc1 Bg4+ 26. Ke3 Kd7 27. Nb1 Ra8
28. Na3 Rb8 29. Kd3 Bh5 30. Rc6 Bg6 31. Bf2 Nb2+ 32. Kc2 Nc4 33. Nxc4 Bxe4+ 34.
Kc3 bxc4 35. Rxc4 Bxd5 36. Rg4 g5 37. h4 Be6 38. Rg3 g4 0-1

[Event "4NCL/Div2/RIC-BAR3"]
[Site "Rd-9 Birmingham"]
[Date "2002.05.04"]
[Round "9.7"]
[White "Phillips, Roy"]
[Black "Kieran, Rosalind"]
[Result "1/2-1/2"]
[WhiteElo "2228"]
[BlackElo "2079"]
[PlyCount "69"]
[EventDate "2002.05.04"]

1. e4 c5 2. c3 Nf6 3. e5 Nd5 4. Nf3 Nc6 5. Bc4 Nb6 6. Bb3 d5 7. exd6 Qxd6 8. d4
cxd4 9. cxd4 Bf5 10. Nc3 e6 11. O-O Be7 12. Re1 O-O 13. Ne4 Qc7 14. Ng3 Bg6 15.
h4 h6 16. Bd2 Rad8 17. Rc1 Qb8 18. Qe2 Bf6 19. h5 Bh7 20. Red1 Nxd4 21. Nxd4
Rxd4 22. Re1 Nd5 23. Bc3 Nxc3 24. Rxc3 Rfd8 25. Rf3 Rd2 26. Qc4 Bd4 27. Rxf7
Qxg3 28. Qxe6 Kh8 29. Qe8+ Rxe8 30. Rxe8+ Bg8 31. Rxg8+ Kxg8 32. Rf3+ Kh8 33.
Rf8+ Kh7 34. Bg8+ Kh8 35. Bf7+ 1/2-1/2